Exports primary and manufactured products Australia 1986
Guardado en:
| Formato: | Libro |
|---|---|
| Lenguaje: | inglés |
| Publicado: |
Canberra
Central Statistics Section
1986
|
| Edición: | 1. ed. |
| Etiquetas: |
Sin Etiquetas, Sea el primero en etiquetar este registro!
|
MARC
| LEADER | 00000nam a2200000 4500 | ||
|---|---|---|---|
| 001 | c111150 | ||
| 005 | 20221220071500.1 | ||
| 041 | 0 | |a eng | |
| 044 | |a AU | ||
| 245 | 1 | 0 | |a Exports |b primary and manufactured products Australia 1986 |
| 250 | |a 1. ed. | ||
| 264 | 1 | |a Canberra |b Central Statistics Section |c 1986 | |
| 300 | |a 39 s. | ||